| 000 | 00500nam a2200193Ia 4500 | ||
|---|---|---|---|
| 008 | 170918s9999 xx 000 0 und d | ||
| 020 | _a439385903 | ||
| 050 | _bS631 2000 | ||
| 100 | _aSlate, Joseph | ||
| 245 | _aMiss Bindergarten stays home from Kindergarten / | ||
| 245 | _cJoseph Slate ; illustrated by Ashley Wolff. | ||
| 260 | _aNew York : | ||
| 260 | _bScholastic, | ||
| 260 | _c2000 | ||
| 300 | _aunpaged : | ||
| 300 | _bcolored illustration ; | ||
| 300 | _c28cm. | ||
| 500 | _a270 | ||
| 999 |
_c342505 _d342505 |
||